| 000 | 00676nam a2200169Ia 4500 | ||
|---|---|---|---|
| 008 | 150610s9999 xx 000 0 und d | ||
| 020 | _a9781451611496 (hardcover) | ||
| 050 |
_aLB1607.5 _b.W33 2012 |
||
| 100 | _aWagner, Tony | ||
| 245 |
_a Creating innovators : _bthe making of young people who will change the world / _cTony Wagner ; with supplementary video material by Robert A. Compton. |
||
| 250 | _a1st Scribner hardcover ed. | ||
| 260 |
_aNew York : _bScribner, _c2012. |
||
| 300 |
_a270pages : _billustrations ; _c24 cm. |
||
| 504 | _aIncludes bibliographical references and index. | ||
| 520 | _aEducation, Secondary. | ||
| 650 |
_aUnited States _xEducational change. |
||
| 999 |
_c288219 _d288219 |
||